000 00548nam a22001817a 4500
005 20251108172317.0
008 250721s1991 xx 000 0 ara d
082 1 4 _a332.12/رشا
100 1 _aالعصار، رشاد
245 1 0 _aدراسات تطبيقية في إدارة المصارف /
264 1 _aعمان :
_bدار صفاء للنشر و التوزيع،
_c1991.
300 _a144ص
650 1 7 _aالبنوك
700 1 _aقمر، أولغا
700 1 _aعبد الواحد، سعيد
942 _2ddc
_cBK
999 _c75843
_d75843